000
00204nam a2200085Ia 4500
008
120527s9999 xx 000 0 und d
100
_a
Clark, E.James
245
_a
Macro economics (Study guide)
942
_c
BK
999
_c
27100
_d
27100